000 00749nam a2200229 a 4500
999 _c940
_d940
005 20200104041516.0
008 140224b1992 ck ||||| |||| 00| 0 spa d
040 _aCO-BoIAVH
_cCO-BoIAVH
041 _aspa
044 _ack
090 _aIND-I
_b61
111 _aConferencia de las Naciones Unidas sobre el Medio Ambiente y el Desarrollo
_cRio de Janeiro
_d1992
245 _aCumbre para la tierra
_bresumen de prensa del programa 21
260 _aBogotá
_bInderena
_c1992
300 _a45 páginas
650 1 6 _aCumbre de la tierra
650 1 6 _aConservación de biodiversidad
650 1 6 _aManejo de biodiversidad
650 1 6 _aGestión ambiental
650 1 6 _aDesarrollo sostenible
942 _cINFORME
_2z